000 00453nam a2200145Ia 4500
008 100122s9999 xx 000 0 und d
082 _b35067
_a823
100 _aवगळ अरुण दा
245 _aस्वप्नगंधा
260 _bबांदोडकर पब्लिशिंग हाऊस
_c1983
300 _a148
630 _aस्वप्नगंधा
730 _aस्वप्नगंधा
942 _cBOOK
999 _c418451
_d418448